| 000 | 00846nam a2200217Ia 4500 | ||
|---|---|---|---|
| 001 | 12608 | ||
| 003 | GE_BSU | ||
| 008 | 181216s||||||||xx |||||||||||||| ||und|| | ||
| 040 | _cGE_BSU | ||
| 080 | _a635.1.8(075.8) | ||
| 100 | _aТимофеев,Н.Н. Волкова,А.А. Чижов,С.Т. | ||
| 245 | _aСелекция и семеноводство овощных культур | ||
| 245 | _bУч-к для сельхоз вузов по спец."Плодоовощеводство и виноградарствоя | ||
| 245 | _cПод.ред. И.А.Прохорова. Ред.Л.М.Нефедова и З.И.Уткина | ||
| 260 | _aМосква | ||
| 260 | _bКолос | ||
| 260 | _c1972 | ||
| 300 | _a399стр.22см. | ||
| 653 | _aСелекция и семеноводство овощных культур | ||
| 942 | _cBK | ||
| 999 |
_c45781 _d45781 |
||